Thebes (Record no. 40100)

MARC details
000 -LEADER
campo de control de longitud fija 00485nam a2200157 i 4500
001 - NÚMERO DE CONTROL
campo de control 40100
003 - IDENTIFICADOR DE NÚMERO DE CONTROL
campo de control ES-MaACL
007 - CAMPO FIJO DE DESCRIPCIÓN FÍSICA--INFORMACIÓN GENERAL
campo de control de longitud fija t|
008 - DATOS DE LONGITUD FIJA--INFORMACIÓN GENERAL
campo de control de longitud fija 030305s1925 be ||||1| fre d
100 1# - ENTRADA PRINCIPAL--NOMBRE DE PERSONA
Nombre de persona Capart, Jean.
9 (RLIN) 34784
245 10 - MENCIÓN DEL TÍTULO
Título Thebes
Resto del título : la gloire d'une grand passé /
Mención de responsabilidad, etc. par Jean Capart ; avec la collaboration de Marcel Werbrouck.
260 ## - PUBLICACIÓN, DISTRIBUCIÓN, ETC.
Lugar de publicación, distribución, etc. Bruxelles :
Nombre del editor, distribuidor, etc. Vromant et Cie.,
Fecha de publicación, distribución, etc. 1925.
300 ## - DESCRIPCIÓN FÍSICA
Extensión 362 p. ;
Dimensiones 33 cm.
700 1# - ENTRADA AGREGADA--NOMBRE PERSONAL
Nombre de persona Werbrouck, Marcel.
9 (RLIN) 116498
852 ## - LOCALIZACIÓN
Ubicación ES-MaACL
Número de control de estantería B-6504
Holdings
Estatus retirado Estado de pérdida Estado de daño No para préstamo Biblioteca de origen Biblioteca actual Ubicación en estantería Fecha de adquisición Fuente de adquisición Total de préstamos Signatura topográfica completa Código de barras Visto por última vez Precio de reemplazo Tipo de ítem Koha
        Biblioteca del Ateneo de Madrid Biblioteca del Ateneo de Madrid Sala Pardo Bazán 17/01/2008     B-6504 1042219 23/02/2023 23/02/2023 Libro impreso